000 01006nam a2200325 a 4500
003 AR-BaBNM
005 20251128203022.0
008 082120s2002 ||||||||||||||000 | spa||
040 _cAR-BaBNM
100 1 _aPirenne, Jacques
245 0 0 _aHistoria universal
_blas grandes corrientes de la historia : desde el Renacimiento hasta la formación de los grandes estados continentales de Europa [Siglos XVI y XVII]. 3
260 _aBarcelona
_bExito
_c1959
300 _a506 p.
_bil., láms.
500 _aIndice alfabético p. 493-506
650 4 _aHISTORIA EUROPEA
650 4 _aHISTORIA ECONOMICA
650 4 _aHISTORIA MODERNA
650 4 _aLIBERTAD
650 4 _aSIGLO DIECISIETE
650 4 _aHISTORIA DE LAS IDEAS
650 4 _aHISTORIA POLITICA
650 4 _aGOBIERNO
653 _aABSOLUTISMO
653 _aDESPOTISMO
700 1 _aLópez Oliván, Julio
_etraductor
700 1 _aPla, José
_etraductor
700 1 _aTamayo, Manuel
_etraductor
942 _cBK
998 _cMariana
999 _c1539
_d1539